Statistics for NBA Point-Guard Quiz

Click here to take the quiz!

General Stats

  • This quiz has been taken 1,407 times
  • The average score is 7 of 13

Answer Stats

HintAnswer% Correct
Los Angeles ClippersChris Paul
91%
Cleveland CavaliersKyrie Irving
90%
Chicago BullsDerrick Rose
87%
San Antonio SpursTony Parker
84%
Boston CelticsRajon Rondo
72%
Brooklyn NetsDeron Williams
64%
Oklahoma City ThunderRussel Westbrook
58%
Minnesota TimberwolvesRicky Rubio
55%
Denver NuggetsTy Lawson
43%
Houston RocketsJeremy Lin
34%
Milwaukee BucksBrandon Jennings
27%
New York KnicksRaymond Felton
19%
Charlotte BobcatsKemble Walker
7%

Score Distribution

Percentile by Number Answered

Percent of People with Each Score

Your Score History

You have not taken this quiz